000 01270nam a22002417a 4500
005 2010080202272.0
010 _aHIN-89947
020 _c80.00
035 _aHN-62293
037 _bDBAD/PUB
082 _a821
100 _aसेठी, अचरज राम
_94440
245 _aऊँ हर श्री नाथ जी:
_cअचरज राम सेठी;सूरज प्रकाश सेठी 'अम्बर' द्वारा संकलित
_bअचरज भजनावली /
246 _aOm Har Shri Nath Ji
_bby Achraj Ram Sethi
260 _aनई दिल्ली (भारत)
_bआर्य पब्लिशिंग हाउस
_c2006
270 _a1569/30, नाईवाला करोल बाग
_bनई दिल्ली (भारत)
_e110005
_k011-25862745, 25822604
_l011-25716921
300 _a155पृ.
_c22सेमी.(अजिल्द)
650 _bहिन्दी कविता
_9697
650 _bHindi Poetry
_9698
700 _93937
_aसेठी, सूरज प्रकाश 'अम्बर
942 _2ddc
_cHN
_h821
_mसेठीअ
999 _c38747
_d38747